[Event "Otvoreno Prvenstvo Sente 2015"]
[Site "Senta"]
[Date "2015.02.15"]
[Round "7.10"]
[White "Grbin, Stefan"]
[Black "Aleksic, Zvonimir"]
[Result "0-1"]
[WhiteElo "1711"]
[BlackElo "1874"]
[PlyCount "76"]
[EventDate "2015.01.30"]

1. d4 Nf6 2. c4 g6 3. Nc3 Bg7 4. e4 O-O 5. Be2 d6 6. h4 h5 7. Bg5 Nc6 8. f3 e5
9. d5 Nd4 10. Bd3 Qd7 11. Qd2 Nh7 12. Bh6 f5 13. exf5 gxf5 14. Bxg7 Qxg7 15.
O-O-O a6 16. Nh3 Kh8 17. Ng5 Bd7 18. Rdf1 Rae8 19. g4 hxg4 20. Nxh7 Kxh7 21.
fxg4 e4 22. Bb1 Nf3 23. Qe3 Qxg4 24. Ne2 Qh5 25. Ng1 Nxg1 26. Rhxg1 Qh6 27. Rg5
Rg8 28. Rfg1 Rxg5 29. hxg5 Qh4 30. g6+ Kg7 31. Qc3+ Qf6 32. Qxf6+ Kxf6 33. Kd2
Rg8 34. Ke3 Rxg6 35. Rxg6+ Kxg6 36. Kf4 b5 37. b3 bxc4 38. bxc4 Ba4 0-1

[Event "Otvoreno Prvenstvo Sente 2015"]
[Site "Senta"]
[Date "2015.02.15"]
[Round "7.11"]
[White "Farkas, Sandor I"]
[Black "Burany, Karoly"]
[Result "1-0"]
[WhiteElo "1874"]
[BlackElo "1451"]
[PlyCount "87"]
[EventDate "2015.01.30"]

1. e4 e6 2. d4 d5 3. Nd2 c5 4. Ngf3 Nc6 5. exd5 exd5 6. Bb5 Bd7 7. O-O Bd6 8.
dxc5 Bxc5 9. Nb3 Bb6 10. Qxd5 Nge7 11. Qh5 Qc8 12. Bc4 Be6 13. Bxe6 Qxe6 14.
Bf4 Qg6 15. Qxg6 Nxg6 16. Bg3 O-O 17. Rfe1 Rae8 18. Kf1 h6 19. c3 f6 20. a4
Rxe1+ 21. Rxe1 Rf7 22. Nbd2 f5 23. Bd6 Bc7 24. Re8+ Kh7 25. Nc4 Rd7 26. Bxc7
Rxc7 27. Nce5 Re7 28. Rxe7 Ngxe7 29. Ke2 g5 30. Nxc6 Nxc6 31. Nd4 Nxd4+ 32.
cxd4 Kg6 33. Kd3 Kf6 34. Kc4 Ke6 35. Kc5 f4 36. f3 a6 37. a5 h5 38. h3 Kd7 39.
Kd5 h4 40. Ke5 b6 41. axb6 Kc6 42. Ke6 Kxb6 43. d5 Kc7 44. Ke7 1-0

[Event "Otvoreno Prvenstvo Sente 2015"]
[Site "Senta"]
[Date "2015.02.15"]
[Round "7.12"]
[White "Boros, Aron"]
[Black "Jankov, Danijel"]
[Result "0-1"]
[WhiteElo "1415"]
[BlackElo "1352"]
[PlyCount "82"]
[EventDate "2015.01.30"]

1. c4 c5 2. Nc3 e6 3. e4 Ne7 4. d3 d5 5. Nf3 Nbc6 6. Be2 d4 7. Nb1 e5 8. Nbd2
g6 9. b3 Bg7 10. Bb2 O-O 11. O-O Bd7 12. h3 Qc7 13. Re1 a5 14. Nf1 f5 15. exf5
Bxf5 16. Ng3 Rad8 17. Nxf5 Nxf5 18. Ng5 Rde8 19. Ne4 Qb6 20. Ba3 Nb4 21. Bxb4
axb4 22. Qd2 Bh6 23. Qc2 Rf7 24. Bf3 Nh4 25. Bg4 Ref8 26. g3 Nf3+ 27. Bxf3 Rxf3
28. Re2 Qc6 29. Kg2 b6 30. h4 b5 31. cxb5 Qxb5 32. Rd1 R3f7 33. Qxc5 Qxc5 34.
Nxc5 Ra8 35. Ra1 Ra5 36. Rxe5 Rc7 37. Re8+ Kf7 38. Rh8 Raxc5 39. Rxh7+ Bg7 40.
Kh3 Kg8 41. Rxg7+ Kxg7 0-1

[Event "Otvoreno Prvenstvo Sente 2015"]
[Site "Senta"]
[Date "2015.02.15"]
[Round "7.15"]
[White "Olajos, Gyozo"]
[Black "Bacsa, Zoltan"]
[Result "0-1"]
[WhiteElo "1647"]
[BlackElo "1647"]
[PlyCount "110"]
[EventDate "2015.01.30"]

1. d4 f5 2. c4 Nf6 3. Nc3 e6 4. Bf4 a6 5. Nf3 Be7 6. e3 O-O 7. Bd3 c6 8. h3 d5
9. Ne5 Nbd7 10. Qc2 Nxe5 11. Bxe5 Nd7 12. Bf4 Rf7 13. O-O-O Nf8 14. Rdg1 Ng6
15. g3 Nxf4 16. gxf4 Bd7 17. Nb1 Rc8 18. Nd2 b5 19. c5 a5 20. Nf3 Bf6 21. h4
Be8 22. Ng5 Bxg5 23. hxg5 g6 24. Rh6 Rcc7 25. f3 Rce7 26. Rgh1 Rg7 27. Qf2 Qc7
28. R1h4 a4 29. Qd2 Qd8 30. Bc2 Ra7 31. a3 Qa5 32. e4 Rgb7 33. Qe2 Qd8 34. exf5
exf5 35. Qe6+ Kh8 36. Rxg6 Bxg6 37. Qxg6 Qe7 38. Qxf5 Ra8 39. Qe5+ Qxe5 40.
fxe5 Rf8 41. f4 Rbf7 42. g6 Rxf4 43. Rxh7+ Kg8 44. g7 Rf1+ 45. Bd1 Kxh7 46.
gxf8=Q Rxf8 47. Kd2 Kg6 48. Bc2+ Kg5 49. b3 axb3 50. Bxb3 Ra8 51. Kc3 Rxa3 52.
Kb4 Ra8 53. Bxd5 Ra4+ 54. Kc3 cxd5 55. Kd3 Rc4 0-1

[Event "Otvoreno Prvenstvo Sente 2015"]
[Site "Senta"]
[Date "2015.02.21"]
[Round "8.1"]
[White "Soklovacki, Mila"]
[Black "Farkas, Tibor"]
[Result "0-1"]
[WhiteElo "1834"]
[BlackElo "2244"]
[PlyCount "80"]
[EventDate "2015.01.30"]

1. e4 c5 2. Nc3 e6 3. d4 cxd4 4. Qxd4 Nc6 5. Qd1 Nf6 6. Bd3 a6 7. Nf3 d6 8. O-O
Be7 9. Re1 Qc7 10. h3 b5 11. a3 Bb7 12. Ne2 O-O 13. Ng3 Rac8 14. Bd2 Nd7 15.
Bc3 Nc5 16. b3 Rfd8 17. Nh5 Ne5 18. Bb2 g6 19. Ng3 Bf6 20. Rb1 Ncd7 21. Nxe5
dxe5 22. Qf3 Bg7 23. c4 Nc5 24. Bf1 bxc4 25. Bxc4 Qb6 26. Qe3 Nd7 27. Qxb6 Nxb6
28. Bf1 f6 29. Red1 Bh6 30. f3 Be3+ 31. Kh1 Rxd1 32. Rxd1 Rc2 33. Rd8+ Kg7 34.
a4 Rxb2 35. a5 Rxb3 36. axb6 Rxb6 37. Rd7+ Kh6 38. Ne2 Rb1 39. Ng3 Bc6 40. Rd6
Bb5 0-1

[Event "Otvoreno Prvenstvo Sente 2015"]
[Site "Senta"]
[Date "2015.02.21"]
[Round "8.2"]
[White "Simonyi, Zoltan"]
[Black "Nagy, Attila N"]
[Result "1-0"]
[WhiteElo "2243"]
[BlackElo "2202"]
[PlyCount "139"]
[EventDate "2015.01.30"]

1. c4 c5 2. g3 g6 3. Bg2 Bg7 4. Nc3 Nc6 5. a3 d6 6. Rb1 Bf5 7. d3 Rc8 8. Bg5
Nf6 9. Qd2 h6 10. Bf4 e5 11. Be3 Ng4 12. Nd5 O-O 13. h4 Re8 14. f3 Nxe3 15.
Nxe3 Be6 16. h5 g5 17. Bh3 Nd4 18. Bxe6 fxe6 19. Kf1 d5 20. Kg2 Qd6 21. Nh3 Rf8
22. Nf2 Rf7 23. Rhd1 Rcf8 24. b4 cxb4 25. axb4 b5 26. cxd5 exd5 27. Qa2 Kh7 28.
Rd2 Rd7 29. Nfg4 Qe6 30. Rc1 Rfd8 31. Nf2 Bf8 32. Rb2 Qb6 33. Nfg4 Bg7 34. Rc5
Qe6 35. Rb1 e4 36. dxe4 dxe4 37. Qxe6 exf3+ 38. exf3 Nxe6 39. Rxb5 Rd2+ 40. Kh3
Nd4 41. Rb7 Rf8 42. Rf1 Nxf3 43. Rxa7 Kg8 44. b5 Rb2 45. Nd5 Rxb5 46. Ndf6+
Bxf6 47. Rxf3 Bg7 48. Rd3 Rbf5 49. Rdd7 R8f7 50. Ne3 Rxd7 51. Rxd7 Rf7 52. Rd8+
Rf8 53. Rxf8+ Bxf8 54. Kg4 Kf7 55. Kf5 Bc5 56. Nc4 Bf2 57. Ne5+ Kg7 58. g4 Bd4
59. Nc6 Bb6 60. Ke6 Bf2 61. Ne7 Be1 62. Nf5+ Kh7 63. Kf7 Bb4 64. Ne3 Ba3 65.
Nd5 Bb2 66. Nf6+ Kh8 67. Kg6 Bc3 68. Nd5 Bg7 69. Ne3 Kg8 70. Nf5 1-0

[Event "Otvoreno Prvenstvo Sente 2015"]
[Site "Senta"]
[Date "2015.02.21"]
[Round "8.3"]
[White "Solymosi, Andras"]
[Black "Kecskemeti, Arpad"]
[Result "0-1"]
[WhiteElo "1957"]
[BlackElo "2036"]
[PlyCount "56"]
[EventDate "2015.01.30"]

1. c4 Nf6 2. Nf3 g6 3. d4 Bg7 4. Nc3 O-O 5. e4 d6 6. Be2 e5 7. O-O Nc6 8. d5
Ne7 9. Ne1 Nd7 10. Be3 f5 11. f3 f4 12. Bf2 g5 13. Nd3 Ng6 14. Rc1 Rf7 15. c5
Nf6 16. Nb5 a6 17. Na3 Bf8 18. Nc4 g4 19. cxd6 Bxd6 20. Nxd6 cxd6 21. Qb3 Rg7
22. Bb6 Qf8 23. Rc7 Rxc7 24. Bxc7 g3 25. h3 Bxh3 26. gxh3 Qc8 27. Qc2 Qxh3 28.
Bd1 Rc8 0-1

[Event "Otvoreno Prvenstvo Sente 2015"]
[Site "Senta"]
[Date "2015.02.21"]
[Round "8.4"]
[White "Vranic, Ljubomir"]
[Black "Lorincz, Laszlo"]
[Result "1-0"]
[WhiteElo "2199"]
[BlackElo "1808"]
[PlyCount "98"]
[EventDate "2015.01.30"]

1. c4 e6 2. d4 d5 3. Nf3 Nf6 4. g3 a6 5. Nbd2 dxc4 6. Nxc4 c5 7. Bg2 Nc6 8. e3
cxd4 9. O-O Bc5 10. exd4 Nxd4 11. Nxd4 Qxd4 12. Qb3 Qd7 13. Rd1 Qb5 14. Qxb5+
axb5 15. Be3 Bxe3 16. Nxe3 O-O 17. Rdc1 Ra7 18. Rc7 h6 19. Rac1 Bd7 20. a3 Rb8
21. Ng4 Nxg4 22. Rxd7 Ne5 23. Re7 Nc4 24. b3 Nd2 25. Rd1 Nxb3 26. Rdd7 Rf8 27.
Bh3 Nc5 28. Rc7 Na6 29. Rxb7 Rxb7 30. Rxb7 Rc8 31. Rxb5 Rc1+ 32. Bf1 Rc6 33. a4
Kf8 34. a5 Nc5 35. Rb8+ Ke7 36. Bb5 Rc7 37. f4 Ra7 38. Re8+ Kd6 39. Rd8+ Ke7
40. Rc8 Kd6 41. Rc6+ Kd5 42. a6 Ne4 43. Rb6 Nd6 44. Be2 Kc5 45. Rb8 Kc6 46. Kg2
Kc7 47. Rb2 Nc8 48. Rc2+ Kd8 49. Kf3 Rc7 1-0

[Event "Otvoreno Prvenstvo Sente 2015"]
[Site "Senta"]
[Date "2015.02.21"]
[Round "8.5"]
[White "Igaz, Ervin"]
[Black "Davidovic, Zoran"]
[Result "0-1"]
[WhiteElo "2013"]
[BlackElo "1891"]
[PlyCount "84"]
[EventDate "2015.01.30"]

1. e4 Nf6 2. e5 Nd5 3. d4 d6 4. c4 Nb6 5. f4 dxe5 6. fxe5 Nc6 7. Be3 Bf5 8. Nc3
e6 9. Nf3 Be7 10. d5 Nb4 11. Rc1 exd5 12. a3 Na6 13. cxd5 O-O 14. Bb5 Nc5 15.
O-O Ne4 16. Bxb6 Nxc3 17. Rxc3 axb6 18. b4 Be4 19. Bc4 b5 20. Bxb5 Bxd5 21. Qc1
c6 22. Be2 Re8 23. Qf4 Qc7 24. Bc4 Rad8 25. Kh1 Bf6 26. Qf5 Bxe5 27. Bxd5 Rxd5
28. Re3 f6 29. Rfe1 Qd6 30. g4 Rd1 31. Qc2 Rxe1+ 32. Rxe1 Qd5 33. Qe4 Rd8 34.
Kg2 Qxe4 35. Rxe4 Rd5 36. Kf2 Kf7 37. Ke3 g5 38. h4 h6 39. h5 Ke6 40. Nd2 f5
41. gxf5+ Kxf5 42. Nc4 Bf4+ 0-1

[Event "Otvoreno Prvenstvo Sente 2015"]
[Site "Senta"]
[Date "2015.02.21"]
[Round "8.6"]
[White "Korponai, Akos"]
[Black "Sarnyai, Daniel"]
[Result "1/2-1/2"]
[WhiteElo "1952"]
[BlackElo "1998"]
[PlyCount "47"]
[EventDate "2015.01.30"]

1. d4 Nf6 2. Nf3 g6 3. g3 Bg7 4. Bg2 O-O 5. O-O d5 6. c4 c6 7. cxd5 cxd5 8. Ne5
Ng4 9. Nxg4 Bxg4 10. h3 Be6 11. Nc3 Nc6 12. e3 Qd7 13. Kh2 Rad8 14. Na4 b6 15.
Bd2 f5 16. f4 Rc8 17. b4 Bf7 18. Qb3 Rc7 19. Rfc1 Rfc8 20. Nc3 e6 21. Nb5 Rb7
22. Bf1 Bf8 23. a3 Nb8 24. Rxc8 1/2-1/2

[Event "Otvoreno Prvenstvo Sente 2015"]
[Site "Senta"]
[Date "2015.02.21"]
[Round "8.7"]
[White "Nagy, Aleksz M"]
[Black "Mrzic, Branko"]
[Result "0-1"]
[WhiteElo "1681"]
[BlackElo "1877"]
[PlyCount "100"]
[EventDate "2015.01.30"]

1. e4 e6 2. d4 d5 3. Nc3 Nf6 4. e5 Nfd7 5. Nce2 c5 6. c3 Nc6 7. f4 cxd4 8. cxd4
Bb4+ 9. Bd2 Qa5 10. Bc3 Nb6 11. Nf3 Na4 12. Qd2 Bd7 13. a3 Nxc3 14. Nxc3 Bxc3
15. Qxc3 Rc8 16. Rc1 O-O 17. Kd2 Nxd4 18. Qxa5 Nb3+ 19. Ke3 Nxa5 20. Bd3 Nc4+
21. Bxc4 Rxc4 22. Rxc4 dxc4 23. Rc1 Rc8 24. Nd2 b5 25. Ne4 Bc6 26. g3 Bd5 27.
Nc3 Bc6 28. Rd1 a5 29. Ne4 Bxe4 30. Kxe4 Kf8 31. Rc1 Ke7 32. Kd4 Kd7 33. Rc2
Kc6 34. a4 Rd8+ 35. Ke4 Kc5 36. axb5 Kxb5 37. g4 Kb4 38. h4 Rc8 39. Kd4 a4 40.
h5 Kb3 41. Re2 c3 42. bxc3 Rxc3 43. g5 a3 44. f5 exf5 45. g6 hxg6 46. hxg6 fxg6
47. e6 Rc8 48. Ke5 Ra8 49. e7 a2 50. Re1 a1=Q+ 0-1

[Event "Otvoreno Prvenstvo Sente 2015"]
[Site "Senta"]
[Date "2015.02.21"]
[Round "8.8"]
[White "Jankov, Danijel"]
[Black "Farkas, Sandor I"]
[Result "0-1"]
[WhiteElo "1352"]
[BlackElo "1874"]
[PlyCount "104"]
[EventDate "2015.01.30"]

1. e4 c5 2. Nf3 d6 3. d4 cxd4 4. Nxd4 Nf6 5. Nc3 a6 6. Be2 e5 7. Nb3 Be6 8. Be3
Nbd7 9. Qd2 Rc8 10. O-O-O Nb6 11. f3 h5 12. Bg5 Nc4 13. Bxc4 Rxc4 14. Nd5 Bxd5
15. Bxf6 gxf6 16. Qxd5 Qc7 17. Kb1 Rxc2 18. Rc1 Rxc1+ 19. Rxc1 Qb8 20. Na5 b6
21. Nc6 Qa8 22. Nb4 Qxd5 23. Nxd5 Kd7 24. Nxb6+ Ke6 25. Nd5 f5 26. Nc7+ Kf6 27.
Nxa6 fxe4 28. fxe4 Rg8 29. Rf1+ Ke7 30. g3 Rg4 31. Nc7 Rxe4 32. Nd5+ Ke6 33.
Nc7+ Kd7 34. Rxf7+ Kc6 35. Ne6 Bh6 36. Nd8+ Kd5 37. Nb7 Rc4 38. a3 Be3 39. Rd7
Rc1+ 40. Ka2 Kc6 41. Rh7 Bb6 42. b4 e4 43. b5+ Kd5 44. Rxh5+ Kd4 45. Nxd6 e3
46. Rh4+ Kd3 47. Re4 e2 48. g4 Be3 49. Rxe3+ Kxe3 50. b6 e1=Q 51. b7 Qc3 52.
Nf5+ Kf2 0-1

[Event "Otvoreno Prvenstvo Sente 2015"]
[Site "Senta"]
[Date "2015.02.21"]
[Round "8.9"]
[White "Aleksic, Zvonimir"]
[Black "Toth, Kazmer"]
[Result "1/2-1/2"]
[WhiteElo "1874"]
[BlackElo "1974"]
[PlyCount "72"]
[EventDate "2015.01.30"]

1. e4 d6 2. c4 Nf6 3. Nc3 c5 4. Nf3 e5 5. Be2 Nc6 6. d3 Bg4 7. Bg5 Be7 8. O-O
O-O 9. a3 a6 10. Rb1 Rb8 11. b4 Bxf3 12. Bxf3 Nd4 13. Bxf6 Bxf6 14. Nd5 b5 15.
Bg4 Bg5 16. Rb2 g6 17. Bh3 f5 18. f3 Kg7 19. Re1 Rb7 20. bxc5 dxc5 21. exf5 Qd6
22. fxg6 hxg6 23. Re4 Rbf7 24. Bg4 Bf4 25. Nxf4 exf4 26. Qd2 g5 27. Qc3 Qf6 28.
Kf1 Rc7 29. Rb1 Rff7 30. Rbe1 Rfe7 31. Qd2 Kf8 32. h4 Nb3 33. Qc2 Nd4 34. Qc1
Nb3 35. Qc2 Nd4 36. Qc1 Nb3 1/2-1/2

[Event "Otvoreno Prvenstvo Sente 2015"]
[Site "Senta"]
[Date "2015.02.21"]
[Round "8.10"]
[White "Ridjicki, Nenad"]
[Black "Bacsa, Zoltan"]
[Result "0-1"]
[WhiteElo "1810"]
[BlackElo "1647"]
[PlyCount "116"]
[EventDate "2015.01.30"]

1. e4 c5 2. c3 d6 3. d4 cxd4 4. cxd4 g6 5. Be3 Bg7 6. f4 e6 7. Nc3 a6 8. Rc1
Nf6 9. e5 dxe5 10. fxe5 Nd5 11. Nxd5 exd5 12. Nf3 Nc6 13. Qd2 O-O 14. Bd3 Be6
15. O-O Rc8 16. Bh6 Qa5 17. Rc3 Qb6 18. Bxg7 Kxg7 19. Bb1 Rfe8 20. Kh1 Ne7 21.
Rb3 Qc6 22. Qg5 Ng8 23. h4 h5 24. Qf4 Qd7 25. Ng5 Rf8 26. Rg3 Qe7 27. Bd3 Nh6
28. Nxe6+ Qxe6 29. Qg5 Ng4 30. Rf6 Nxf6 31. exf6+ Qxf6 32. Qxd5 Rc1+ 33. Kh2
Qxh4+ 34. Rh3 Qf4+ 35. g3 Qf2+ 36. Qg2 Qxg2+ 37. Kxg2 Rd8 38. Rh4 Rd1 39. Be4
b5 40. Bb7 Rd6 41. b3 Rd2+ 42. Kf3 Rxa2 43. d5 Rd2 44. Ke4 Re2+ 45. Kd4 Re7 46.
Bc6 f5 47. Kc5 Rd8 48. Kb6 Rd6 49. Kxa6 b4 50. Rxb4 Re3 51. Kb6 Rc3 52. Kc7
Rxd5 53. Kb7 Rdd3 54. Ba4 Rxg3 55. Rb6 Rge3 56. b4 h4 57. Bc6 h3 58. b5 h2 0-1

[Event "Otvoreno Prvenstvo Sente 2015"]
[Site "Senta"]
[Date "2015.02.21"]
[Round "8.11"]
[White "Miljkovic, Vukasin"]
[Black "Vrabel, Mate"]
[Result "1-0"]
[WhiteElo "1715"]
[BlackElo "1487"]
[PlyCount "61"]
[EventDate "2015.01.30"]

1. e4 e5 2. Bc4 Nf6 3. Nf3 Nc6 4. d3 d6 5. c3 Bg4 6. h3 Bh5 7. g4 Bg6 8. Qb3
Qc8 9. Ng5 Nd8 10. Be3 Be7 11. Nd2 h5 12. O-O-O c6 13. d4 exd4 14. cxd4 Nh7 15.
Nxh7 Rxh7 16. f4 f6 17. f5 Bf7 18. Kb1 Bxc4 19. Qxc4 Nf7 20. Nf3 Qc7 21. Bf4
Bf8 22. g5 fxg5 23. Nxg5 Nxg5 24. Bxg5 Rh8 25. Qe6+ Be7 26. Qg6+ Kf8 27. f6 Bd8
28. Rhf1 Kg8 29. Qe8+ Kh7 30. Qxh5+ Kg8 31. f7+ 1-0

[Event "Otvoreno Prvenstvo Sente 2015"]
[Site "Senta"]
[Date "2015.02.21"]
[Round "8.12"]
[White "Brindza, Dezso"]
[Black "Grbin, Stefan"]
[Result "0-1"]
[WhiteElo "1712"]
[BlackElo "1711"]
[PlyCount "68"]
[EventDate "2015.01.30"]

1. d4 Nf6 2. e3 g6 3. Bd3 Bg7 4. f4 O-O 5. Nf3 d6 6. O-O Nh5 7. e4 Nc6 8. c3 e5
9. fxe5 dxe5 10. d5 Ne7 11. Be3 f5 12. Bg5 f4 13. Qb3 Kh8 14. Nbd2 h6 15. Bh4
g5 16. Bf2 g4 17. Nh4 Bf6 18. Nf5 Nxf5 19. exf5 g3 20. Be1 gxh2+ 21. Kxh2 Bh4
22. Nf3 Bg3+ 23. Kg1 Bxf5 24. Bxf5 Rxf5 25. Qc2 Qf6 26. Qe4 Bxe1 27. Rfxe1 Ng3
28. Qc4 Rh5 29. Kf2 Re8 30. Rg1 Qb6+ 31. Ke1 Qxb2 32. Rd1 e4 33. Nd4 f3 34. Rd2
Qc1+ 0-1

[Event "Otvoreno Prvenstvo Sente 2015"]
[Site "Senta"]
[Date "2015.02.21"]
[Round "8.13"]
[White "Sakic, Simeon"]
[Black "Radisic, Dragoljub"]
[Result "1-0"]
[WhiteElo "1859"]
[BlackElo "1395"]
[PlyCount "61"]
[EventDate "2015.01.30"]

1. e4 c5 2. Nf3 Nc6 3. d4 d6 4. dxc5 Bg4 5. cxd6 exd6 6. Bb5 a6 7. Ba4 Nf6 8.
Nc3 Be7 9. O-O O-O 10. a3 b5 11. Bb3 Ne5 12. Bf4 Nxf3+ 13. gxf3 Bh3 14. Re1 Nh5
15. Bg3 Bh4 16. f4 Nxg3 17. fxg3 Qb6+ 18. Kh1 Qf2 19. Rg1 Bf6 20. Qd3 Bd4 21.
Rad1 Be3 22. Qe2 Qxe2 23. Nxe2 Bxg1 24. Nxg1 Rad8 25. Nxh3 Rfe8 26. Ng5 Re7 27.
Nxf7 Rxf7 28. Bxf7+ Kxf7 29. e5 d5 30. Kg2 Ke6 31. Kf3 1-0

[Event "Otvoreno Prvenstvo Sente 2015"]
[Site "Senta"]
[Date "2015.02.21"]
[Round "8.15"]
[White "Burany, Karoly"]
[Black "Boros, Aron"]
[Result "0-1"]
[WhiteElo "1451"]
[BlackElo "1415"]
[PlyCount "142"]
[EventDate "2015.01.30"]

1. e4 c5 2. Bc4 Nc6 3. d3 e6 4. a3 Nf6 5. c3 d5 6. exd5 exd5 7. Ba2 Be7 8. h3
O-O 9. Nf3 Re8 10. O-O b6 11. Be3 h6 12. Nbd2 Bb7 13. Qb3 Ba6 14. Ne1 Ne5 15.
c4 d4 16. Bf4 Bd6 17. Bh2 Ng6 18. Qc2 Bxh2+ 19. Kxh2 Qd6+ 20. g3 Bb7 21. f4
Re2+ 22. Kg1 Nh5 23. Ne4 Bxe4 24. Qxe2 Nxg3 25. Qf2 Nxf1 26. dxe4 Ne3 27. Nd3
Re8 28. e5 Qe6 29. Kh2 Qf5 30. Bb1 Qe6 31. Ba2 f6 32. exf6 Qxf6 33. Rg1 Qf5 34.
Bb1 Nxc4 35. Nxc5 Qxf4+ 36. Qxf4 Nxf4 37. Ba2 bxc5 38. Bxc4+ Kh8 39. Rf1 Rf8
40. Re1 Rb8 41. b3 Rd8 42. Kg3 g5 43. Rd1 Re8 44. h4 Re3+ 45. Kg4 Re4 46. hxg5
Nd5+ 47. Kh5 Ne3 48. Rd3 hxg5 49. Kxg5 Kg7 50. a4 Nxc4 51. bxc4 Re3 52. Rd2 Kf7
53. Kf5 Rc3 54. Rb2 Rxc4 55. Ke4 Ke6 56. Rb5 Kd6 57. Ra5 Kc6 58. Rxa7 Rc3 59.
Ra8 d3 60. Ke3 c4 61. Rb8 Rc2 62. Rb1 Ra2 63. Rb4 Re2+ 64. Kd4 d2 65. Rb1 Re1
66. Rxe1 dxe1=Q 67. Kxc4 Qa5 68. Kb3 Kc5 69. Ka3 Qc3+ 70. Ka2 Kb4 71. Kb1 Kb3
0-1

[Event "Otvoreno Prvenstvo Sente 2015"]
[Site "Senta"]
[Date "2015.02.22"]
[Round "9.1"]
[White "Farkas, Tibor"]
[Black "Davidovic, Zoran"]
[Result "1/2-1/2"]
[WhiteElo "2244"]
[BlackElo "1891"]
[PlyCount "44"]
[EventDate "2015.01.30"]

1. e4 c5 2. Nf3 d6 3. d4 cxd4 4. Nxd4 Nf6 5. Nc3 a6 6. Be3 g6 7. f3 Bg7 8. Qd2
Nc6 9. O-O-O Bd7 10. g4 Be6 11. Kb1 Nxd4 12. Bxd4 Qa5 13. Qf2 Qc7 14. h4 b5 15.
h5 g5 16. h6 Bf8 17. Qd2 Rg8 18. Be3 Rc8 19. a3 Qa5 20. Rh2 Nd7 21. Nd5 Qxd2
22. Bxd2 Rg6 1/2-1/2

[Event "Otvoreno Prvenstvo Sente 2015"]
[Site "Senta"]
[Date "2015.02.22"]
[Round "9.2"]
[White "Kecskemeti, Arpad"]
[Black "Simonyi, Zoltan"]
[Result "1/2-1/2"]
[WhiteElo "2036"]
[BlackElo "2243"]
[PlyCount "157"]
[EventDate "2015.01.30"]

1. e4 e5 2. Nf3 Nc6 3. Bb5 Nf6 4. O-O Nxe4 5. Re1 Nd6 6. Nxe5 Be7 7. Bf1 Nxe5
8. Rxe5 O-O 9. d4 Bf6 10. Re1 Nf5 11. d5 Re8 12. Bd3 Rxe1+ 13. Qxe1 Ne7 14. Qe4
Ng6 15. f4 Qe7 16. c3 d6 17. Bd2 Qxe4 18. Bxe4 Bd7 19. Na3 Re8 20. Re1 Ne7 21.
Bf3 Kf8 22. g3 g6 23. Kg2 Bg7 24. g4 Ng8 25. Rxe8+ Kxe8 26. b3 Kd8 27. Nc2 Bb5
28. c4 Bd7 29. h3 Bb2 30. Be3 a6 31. Bd4 Bxd4 32. Nxd4 Nf6 33. Kg3 Ke7 34. h4
Be8 35. f5 Nd7 36. fxg6 hxg6 37. h5 gxh5 38. gxh5 Ne5 39. Be4 Bd7 40. Kf4 Kf6
41. Nf5 Bxf5 42. Bxf5 a5 43. a4 b6 44. Bc2 Nd7 45. Bb1 Nc5 46. Bc2 Nd7 47. Bb1
Ne5 48. Bc2 Nd7 49. Bb1 Nc5 50. Bc2 Nd7 51. Bb1 Ne5 52. Be4 Nd7 53. Bb1 Ne5 54.
Be4 Nd7 55. Bb1 Nc5 56. Bc2 Nd7 57. Bb1 Ne5 58. Be4 Nd7 59. Bb1 Ne5 60. Be4 Nd7
61. Bb1 Nc5 62. Bc2 Nd7 63. Bb1 Ne5 64. Be4 Nd7 65. Bb1 Nc5 66. Bc2 Nd7 67. Bb1
Ne5 68. Be4 Nd7 69. Bb1 Nc5 70. Bc2 Nd7 71. Bb1 Ne5 72. Be4 Nd7 73. Bb1 Nc5 74.
Bc2 Nd7 75. Bb1 Ne5 76. Be4 Nd7 77. Bb1 Nc5 78. Bc2 Nd7 79. Bb1 1/2-1/2

[Event "Otvoreno Prvenstvo Sente 2015"]
[Site "Senta"]
[Date "2015.02.22"]
[Round "9.3"]
[White "Nagy, Attila N"]
[Black "Soklovacki, Mila"]
[Result "1-0"]
[WhiteElo "2202"]
[BlackElo "1834"]
[PlyCount "97"]
[EventDate "2015.01.30"]

1. d4 d5 2. c4 e6 3. Nf3 Nf6 4. g3 c5 5. cxd5 Nxd5 6. Bg2 Nc6 7. O-O Be7 8. a3
O-O 9. dxc5 Bxc5 10. Qc2 Be7 11. Rd1 Bd7 12. e4 Nf6 13. Nc3 e5 14. Bg5 h6 15.
Be3 Qc8 16. Nd5 Re8 17. Rac1 Bg4 18. b4 Nxd5 19. exd5 Nd4 20. Nxd4 exd4 21.
Rxd4 Qxc2 22. Rxc2 Bf5 23. Be4 Bxe4 24. Rxe4 Bd6 25. Rxe8+ Rxe8 26. Bxa7 Ra8
27. Bc5 Bxc5 28. bxc5 Rxa3 29. d6 Kf8 30. Rb2 Ke8 31. Rxb7 Ra8 32. Re7+ Kf8 33.
c6 Rd8 34. c7 Rxd6 35. Rxf7+ Kxf7 36. c8=Q Re6 37. Kg2 Rf6 38. f4 Re6 39. Kf3
Re8 40. Qd7+ Re7 41. Qd5+ Kf8 42. f5 Re8 43. Kf4 Re7 44. g4 Re8 45. h4 Re7 46.
g5 hxg5+ 47. Kxg5 Re8 48. h5 Re7 49. Kg6 1-0

[Event "Otvoreno Prvenstvo Sente 2015"]
[Site "Senta"]
[Date "2015.02.22"]
[Round "9.4"]
[White "Sarnyai, Daniel"]
[Black "Vranic, Ljubomir"]
[Result "0-1"]
[WhiteElo "1998"]
[BlackElo "2199"]
[PlyCount "38"]
[EventDate "2015.01.30"]

1. c4 e5 2. Nc3 Nf6 3. g3 d6 4. Bg2 c6 5. e4 Be6 6. d3 Be7 7. Nge2 Qd7 8. O-O
Na6 9. f4 Bh3 10. f5 Bxg2 11. Kxg2 d5 12. b3 Rd8 13. exd5 cxd5 14. h3 dxc4 15.
dxc4 Qc6+ 16. Kh2 Rxd1 17. Rxd1 Qf3 18. Bb2 h5 19. Rf1 Ng4+ 0-1

[Event "Otvoreno Prvenstvo Sente 2015"]
[Site "Senta"]
[Date "2015.02.22"]
[Round "9.5"]
[White "Mrzic, Branko"]
[Black "Solymosi, Andras"]
[Result "0-1"]
[WhiteElo "1877"]
[BlackElo "1957"]
[PlyCount "52"]
[EventDate "2015.01.30"]

1. e4 c5 2. f4 e6 3. Nc3 Nc6 4. Bb5 Nd4 5. Bc4 Ne7 6. Nf3 Nec6 7. O-O Be7 8. a3
a6 9. Ne2 Nxf3+ 10. Rxf3 d5 11. exd5 exd5 12. Ba2 O-O 13. c3 d4 14. h3 b5 15.
d3 Be6 16. Bxe6 fxe6 17. Ng3 Qd5 18. Qe2 dxc3 19. bxc3 Nd4 20. cxd4 Qxd4+ 21.
Kh2 Qxa1 22. Bb2 Qa2 23. f5 Bf6 24. Bc1 Qxe2 25. Nxe2 Be5+ 26. Bf4 Bxf4+ 0-1

[Event "Otvoreno Prvenstvo Sente 2015"]
[Site "Senta"]
[Date "2015.02.22"]
[Round "9.6"]
[White "Farkas, Sandor I"]
[Black "Korponai, Akos"]
[Result "0-1"]
[WhiteElo "1874"]
[BlackElo "1952"]
[PlyCount "46"]
[EventDate "2015.01.30"]

1. e4 c5 2. b4 cxb4 3. d4 d5 4. e5 Bf5 5. Bb5+ Nc6 6. a3 Qb6 7. c4 O-O-O 8.
Bxc6 Qxc6 9. c5 Qg6 10. g3 Bxb1 11. Be3 Bd3 12. f3 Bc2 13. Qc1 b3 14. Ne2 h5
15. Nf4 Qa6 16. g4 hxg4 17. fxg4 Nh6 18. g5 Nf5 19. Kf2 g6 20. a4 e6 21. Qb2
Be7 22. h4 Nxh4 23. Ne2 Qd3 0-1

[Event "Otvoreno Prvenstvo Sente 2015"]
[Site "Senta"]
[Date "2015.02.22"]
[Round "9.7"]
[White "Lorincz, Laszlo"]
[Black "Igaz, Ervin"]
[Result "0-1"]
[WhiteElo "1808"]
[BlackElo "2013"]
[PlyCount "64"]
[EventDate "2015.01.30"]

1. d4 Nf6 2. Nf3 d5 3. Bf4 e6 4. e3 Bd6 5. Bg3 Nbd7 6. a3 Nf8 7. c4 c6 8. Nc3
a5 9. Qb3 Ng6 10. Na4 Bxg3 11. hxg3 dxc4 12. Qxc4 b5 13. Qb3 bxa4 14. Qxa4 Bd7
15. Qc2 Qb6 16. Bd3 Rb8 17. Rb1 Qb3 18. Bxg6 fxg6 19. Qxb3 Rxb3 20. Nd2 Rb5 21.
Nc4 Ke7 22. O-O Rhb8 23. Rfc1 Ne4 24. a4 Rb4 25. Nxa5 Rxa4 26. Nxc6+ Bxc6 27.
Rxc6 Nd2 28. Rbc1 Rxb2 29. Rc7+ Kf6 30. R1c6 Ra1+ 31. Kh2 h5 32. d5 Nf3+ 0-1

[Event "Otvoreno Prvenstvo Sente 2015"]
[Site "Senta"]
[Date "2015.02.22"]
[Round "9.8"]
[White "Bacsa, Zoltan"]
[Black "Aleksic, Zvonimir"]
[Result "0-1"]
[WhiteElo "1647"]
[BlackElo "1874"]
[PlyCount "100"]
[EventDate "2015.01.30"]

1. e4 e6 2. Nf3 d5 3. exd5 exd5 4. d4 Nf6 5. Be2 c5 6. O-O h6 7. Be3 Ng4 8. Bf4
Qb6 9. b3 Nc6 10. h3 Nf6 11. c3 cxd4 12. cxd4 g5 13. Bh2 Bg7 14. Be5 O-O 15.
Nc3 Qa5 16. Rc1 Bf5 17. Bd3 Bxd3 18. Qxd3 Rfe8 19. Rfe1 a6 20. Na4 Ne4 21. Bxg7
Kxg7 22. Re2 Rac8 23. Nc5 Nb4 24. Qd1 Nxa2 25. Rxa2 Qxa2 26. Rc2 Qa3 27. Nxe4
Qxb3 28. Nc5 Qb5 29. Qc1 Qc6 30. Ne5 Qd6 31. Qd1 Re7 32. Ne6+ Qxe6 33. Rxc8
Qxc8 34. Qf3 Qe6 35. Kh2 b5 36. Qc3 Qd6 37. Qd3 Re6 38. g3 Rxe5 39. dxe5 Qxe5
40. Qa3 Qf6 41. Kg2 d4 42. Qd3 b4 43. Qc4 Qb6 44. Qd5 b3 45. Qe5+ Qf6 46. Qb8
Qc6+ 47. Kh2 Qd5 48. Qb6 a5 49. Qb8 d3 50. h4 d2 0-1